Sports Quiz

Random Sports or Football Quiz

Premier League Scorers by Continent Quiz Stats

 Plays Quiz Updated May 15, 2018

Challenge
Share
Tweet
Embed
Score 0/25 Timer 05:00
55 Plays Today
Continent Player % Correct
Europe (UEFA)Alan Shearer (England)
90.6%
Europe (UEFA)Wayne Rooney (England)
89.7%
Africa (CAF)Didier Drogba (Cote D'Ivoire)
82.9%
South America (CONMEBOL)Sergio Agüero (Argentina)
82.6%
Europe (UEFA)Thierry Henry (France)
81.4%
Europe (UEFA)Frank Lampard (England)
67.1%
Europe (UEFA)Andrew Cole (England)
65.8%
North America (CONCACAF)Clint Dempsey (United States)
64.9%
Asia/Oceania (AFC/OFC)Tim Cahill (Australia)
59.7%
Asia/Oceania (AFC/OFC)Mark Viduka (Australia)
54%
North America (CONCACAF)Dwight Yorke (Trinidad & Tobago)
52.3%
South America (CONMEBOL)Luis Suárez (Uruguay)
49.1%
Asia/Oceania (AFC/OFC)Harry Kewell (Australia)
47.8%
Continent Player % Correct
South America (CONMEBOL)Carlos Tevez (Argentina)
47.4%
Asia/Oceania (AFC/OFC)Park Ji-Sung (South Korea)
44%
Africa (CAF)Yaya Touré (Cote D'Ivoire)
41.6%
Africa (CAF)Emmanuel Adebayor (Togo)
38.4%
Asia/Oceania (AFC/OFC)Son Heung-Min (South Korea)
32.8%
Africa (CAF)Yakubu (Nigeria)
32.1%
South America (CONMEBOL)Alexis Sánchez (Chile)
30.9%
Africa (CAF)Kanu (Nigeria)
30.6%
North America (CONCACAF)Javiez Hernández (Mexico)/Robbie Earle (Jamaica)
17.1%
North America (CONCACAF)Paulo Wanchope (Costa Rica)
15.4%
North America (CONCACAF)Jason Euell (Jamaica)
8.6%
South America (CONMEBOL)Gustavo Poyet (Uruguay)
6.7%

You're not logged in!

Compare scores with friends on all Sporcle quizzes.
OR
Log In

You Might Also Like...

Show Comments

Extras

Top Quizzes Today


Score Distribution

Your Account Isn't Verified!

In order to create a playlist on Sporcle, you need to verify the email address you used during registration. Go to your Sporcle Settings to finish the process.

Report this User

Report this user for behavior that violates our Community Guidelines.

Details: